header

Writing on napkins at the Sunshine Club (Record no. 135213)

MARC details
000 -LEADER
fixed length control field 01238nam a2200313Ia 4500
245 00 - TITLE STATEMENT
Title Writing on napkins at the Sunshine Club
250 ## - EDITION STATEMENT
Edition statement 1st ed.
260 ## - PUBLICATION, DISTRIBUTION, ETC. (IMPRINT)
Place of publication Macon, GA :
Name of publisher Mercer University Press,
Year of publication c2011.
300 ## - PHYSICAL DESCRIPTION
Number of Pages 238 p.
650 #0 - SUBJECT ADDED ENTRY--TOPICAL TERM
Topical Term American poetry
Topical Term American poetry
700 1# - ADDED ENTRY--PERSONAL NAME
Personal name Cantwell, Kevin.
856 40 - ELECTRONIC LOCATION AND ACCESS
Uniform Resource Identifier http://site.ebrary.com/lib/rucke/Doc?id=10539144

No items available.

© 2026 Rongo University
Contact us: librarian | system librarian | Rongo university